[Event "Dieren op"]
[Site "Dieren"]
[Date "2006.07.31"]
[Round "6"]
[White "Tiviakov, Sergei"]
[Black "Nijboer, Friso"]
[Result "0-1"]
[WhiteElo "2668"]
[BlackElo "2598"]
[Annotator "Rogozenco,D"]
[PlyCount "194"]
[EventDate "2006.07.25"]
[EventType "swiss"]
[EventRounds "9"]
[EventCountry "NED"]
[SourceTitle "CBM 113 Extra"]
[Source "ChessBase"]
[SourceDate "2006.09.14"]
[SourceVersion "1"]
[SourceVersionDate "2006.09.14"]
[SourceQuality "1"]

1. e4 c5 2. c3 Nf6 3. e5 Nd5 4. Nf3 Nc6 5. d4 cxd4 6. cxd4 d6 7. Bc4 Nb6 8. Bb5
dxe5 9. Nxe5 Bd7 10. Nxd7 Qxd7 11. Nc3 e6 12. O-O Be7 13. Qg4 O-O 14. Bxc6 bxc6
15. Bh6 Bf6 16. Rfd1 Kh8 ({I think more precise looks to keep the king on g8:} 
16... Rfd8 17. Ne4 Qe7 18. Rac1 Rac8 19. h4 Rd5 {and White's advantage is
insignificant:} 20. Rc3 Nd7 (20... Kh8 $2 21. Rf3 $1 $16 {Godena-Antunes, 1997}
) 21. Rg3 g6 22. Bg5 Kg7 $1 (22... Rb5 23. Ra3 a5 24. Qf4 Rf5 25. Qd6 $1 $36 {
1-0 Brynell,S-Kulaots,K/Helsingborg 2002 (35)}) 23. Ra3 (23. Nxf6 Nxf6 24. h5 (
24. Qf4 Nh5 $11) 24... Nxg4 25. Bxe7 Nh6 $11 (25... Rc7 $11)) (23. b3 h6 24.
Bxf6+ Nxf6 25. Nxf6 Qxf6 26. h5 Rg5 27. Qh4 Rd8 28. hxg6 Qxg6 $11 {1/2-1/2
Rasmussen,P-Sutton,A/DEN-ENG corr 2000 (31)}) 23... h6 {1/2-1/2 Kroeze,F (2384)
-Van der Wiel,J (2526)/Enschede 2004} (23... h6 24. Be3 (24. Bxf6+ Nxf6 25.
Nxf6 Qxf6 26. Rxa7 Rcd8) 24... a5 25. Qf4 Rh8 $1)) 17. Ne4 Qe7 (17... Rg8 18.
Bg5 Bd8 19. Bxd8 Raxd8 20. Ng5 h6 21. Rac1 Rgf8 22. Nf3 $14 {1-0 Kosintseva,N 
(2394)-Kozlitin,O (2273)/Samara 2002 (69)}) (17... Qd8 $14) 18. Bf4 {Tiviakov
deviates from his game played two months ago at the Olympiad.} (18. Bg5 Bxg5
19. Nxg5 (19. Qxg5 $14 {/=}) 19... Rad8 20. Rac1 Rd5 $1 21. h4 h6 22. Nf3 c5 {
Black equalized completely now.} 23. dxc5 Rxd1+ 24. Rxd1 {1/2-1/2 Tiviakov,S 
(2669)-Lautier,J (2682)/Turin 2006}) 18... Rfd8 19. Nxf6 Qxf6 20. Be5 Qg6 21.
Qe2 {This position is close to equal, nevertheless White's play is easier and
he keeps a long-lasting edge. In the next part of the game Tiviakov nicely
outplays his opponent, but a tragedy happens in the end...} Nd7 22. Bg3 Qf5 23.
Rac1 Rdc8 $146 {This natural move is a novelty. Nijboer tries to keep
everything protected, but Tiviakov still finds possibilities to create more
weaknesses in Black's position.} (23... Qa5 $2 24. Qf3 Qxa2 25. Qxf7 $16 {
1/2-1/2 Madeira,W (2285)-Tsuboi,E (2335)/Curitiba 1992 (45)}) 24. Rc3 $1 a5 (
24... c5 $2 25. dxc5 Nxc5 (25... Rxc5 26. Rxd7 $18) 26. Rdc1 a5 27. Qc2 $18) (
24... Qd5 $142 25. b3 Kg8 26. Rdc1 a5 $14) 25. Rf3 Qh5 26. Be5 $1 {Threatening
27.Bxg7+ followed by 28.Rg3+, winning the queen.} f6 (26... Nxe5 27. dxe5 $14 {
[%csl Ra5,Rc6,Rf7][%cal Gd1d7] /+/-}) 27. Bg3 Qd5 28. b3 $1 a4 29. b4 a3 (29...
Re8 30. a3 $16) 30. Re3 Re8 31. Qc2 Rec8 32. Rc3 Kg8 33. Rdd3 Nb6 34. Rc5 Qd7
35. Ra5 $1 Nd5 36. Qd2 Qb7 37. Rb3 $1 Rd8 ({After} 37... Rxa5 38. bxa5 Qa6 {
White continues} 39. Bd6 $1 $16 ({but not} 39. Rxa3 c5 40. dxc5 Rxc5 $132)) 38.
h3 $16 Nc7 {Finally Nijboer collapses under pressure and gives up a pawn.} ({
After} 38... Qe7 39. Qe1 $1 $16 {it is very difficult for Black to find useful
moves.}) 39. Bxc7 Qxc7 40. Rbxa3 Rab8 41. Ra7 Rb7 42. Rxb7 Qxb7 43. Qe1 Kf7 44.
Qe4 $1 {Tiviakov still finds possibilities to point out the remaining
weaknesses in Black's position.} f5 45. Qh4 Qe7 46. Qxh7 Rxd4 47. Qh5+ g6 48.
Qh7+ Kf6 49. Qh8+ $1 {There is no point to exchange queens, of course. With
the exposed king it is much more difficult for Black to defend with queens on
the board.} Qg7 50. Qb8 Qe7 51. Rg3 {Sergey loses the thread.} ({White could
win quickly with the beautiful} 51. f4 $1 {[%cal Gb8e5,Ga3a8]} Qd8 (51... Rd6
52. Ra8 $18) ({Black is completely paralyzed after} 51... Rd8 52. Qe5+ Kf7 53.
Ra6 Rc8 54. a4 $18 {[%cal Ga6b6,Ga4a5]}) 52. Qe5+ Kf7 53. Ra7+ Rd7 54. Qd4 $1 {
then exchange all pieces and win a pawn endgame.}) 51... Qd8 52. Qb7 Qd7 53.
Qa8 Kg7 54. Ra3 Rd1+ 55. Kh2 Qc7+ 56. g3 Rd8 57. Qa5 Qd6 (57... Qxa5 58. bxa5 (
58. Rxa5 $16) 58... Kf6 59. f4 Rd7 60. a6 Ra7 61. Ra5 Ke7 62. g4 $16) 58. Rf3
Qd5 59. Qa3 e5 60. Qc3 Rd6 61. Re3 Qd4 62. Qe1 e4 63. Kg2 c5 64. bxc5 Qxc5 65.
Rc3 Rd1 $6 {Black achieved a lot during the last 15 moves and had to keep his
centralized pieces. The decision to enter a queen endgame is highly doubtful,
especially from the practical point of view, since now White's play will be
much easier again.} ({After} 65... Qd4 $16 {it is not easy for White to make
progress. The direct} 66. Rc7+ Kh6 67. Qc1+ Qd2 {is no problem for Black.}) 66.
Qxd1 Qxc3 67. Qb3 Qd2 68. a4 Qa5 69. h4 Qa8 70. Kg1 e3 $2 ({Correct is} 70...
Qa5 71. Qb5 Qe1+ 72. Kg2 Qd2 $16 {and again White does not have a clear way:}
73. a5 $6 (73. Qe5+ Kf7 74. h5 Qd1 $1 $132) 73... e3 74. Qe5+ Kf7 75. Qxe3 Qxa5
) 71. fxe3 Qf3 72. Qc3+ Kh7 73. Qe1 $18 {Now it is just a matter of time.} Qg4
74. a5 Qa4 75. Qd2 Qa1+ 76. Kg2 Qa4 77. Kf2 Qa1 78. Qb4 Qa2+ 79. Ke1 Qa1+ 80.
Kd2 Qa2+ 81. Kc3 Qe2 82. Qe7+ Kh6 83. Qe5 Kh7 84. Kb4 Qa6 85. h5 Qb7+ 86. Ka3
Qd7 87. hxg6+ Kxg6 88. Qd4 Qc8 89. Kb3 Kh5 90. Qd6 Qb7+ 91. Kc3 Qe4 92. Qc5 Qb1
93. Kc4 Kg4 94. Qe5 Qa2+ 95. Kb5 Qb3+ 96. Kc6 Qc4+ 97. Kd7 Qa4+ {White is
completely winning, but Tiviakov played here 98.Qf4+, without noticing in
mutual time trouble that his own king is under check. Having touched the queen,
means to make the only move in order to protect from check - 98.Qb5... Losing
in such a manner is very painful, especially since White had more time on the
clock than his opponent. Moreover, the game was played in the sixth round of
the Dutch Open, when Nijboer was leading the tournament with a perfect score,
while Tiviakov had one point less. As the result Nijboer won the tournament
easily by making three draws in the remaining three rounds.} 0-1

[Event "EU-Cup 21st"]
[Site "Saint Vincent"]
[Date "2005.09.23"]
[Round "6.2"]
[White "Rublevsky, Sergei"]
[Black "Sokolov, Andrei"]
[Result "1/2-1/2"]
[WhiteElo "2645"]
[BlackElo "2603"]
[Annotator "Rogozenco,D"]
[PlyCount "79"]
[EventDate "2005.09.18"]
[EventType "team-swiss"]
[EventRounds "7"]
[EventCountry "ITA"]
[SourceTitle "CBM 110"]
[Source "ChessBase"]
[SourceDate "2006.01.31"]
[SourceVersion "1"]
[SourceVersionDate "2006.01.31"]
[SourceQuality "1"]
[WhiteTeam "Kazan Ladya"]
[BlackTeam "Tegernsee"]
[WhiteTeamCountry "RUS"]
[BlackTeamCountry "GER"]

1. e4 c5 2. Nf3 e6 3. c3 d5 4. exd5 Qxd5 5. d4 Nf6 6. Be2 Nc6 7. O-O cxd4 8.
cxd4 Be7 9. Nc3 Qd6 10. Nb5 Qd8 11. Bf4 Nd5 12. Bg3 a6 13. Nc3 O-O 14. Rc1 {
In this complicated position White has good prospects to develop a dangerous
initiative. Black must play carefully in order to prevent that. The second
player can choose to play against IQP with 14...Nf6, or like in the game go
for a slightly inferior position with 14...Nxc3.} Nxc3 ({Rublevsky has a big
experience in such positions:} 14... Nf6 15. a3 b6 16. Bc4 Bb7 17. Ba2 Rc8 18.
Qd3 b5 (18... Nh5 19. d5 exd5 20. Nxd5 Nxg3 21. hxg3 Bf6 22. Rfd1 Ne5 23. Rxc8
Bxc8 24. Nxe5 Bxe5 25. Qe3 Bf6 26. Rc1 Bb7 27. Nxf6+ Qxf6 28. Rc7 Qd6 29. Qe7
Qd1+ 30. Kh2 Bd5 31. Bxd5 Qh5+ {1/2-1/2 Rublevsky,S (2672)-Yakovich,Y (2573)/
Krasnoyarsk 2003}) 19. Rfd1 Na5 $6 (19... Qb6) 20. Ne5 Nd5 $2 21. b4 $1 Nxc3
22. Rxc3 Nc6 23. Nxf7 $1 Kxf7 24. d5 $36 {1-0 Rublevsky,S (2645)-Vitiugov,N 
(2519)/Kazan 2005 (32)}) 15. bxc3 b6 $5 $146 (15... Bf6 16. a4 (16. Bd3 b6 (
16... b5 $6 17. a4 $36 {1-0 Blauert,J (2387)-Plump,D (2258)/Germany 2001 (50)})
17. Be4 Bb7 18. c4 Qd7 19. Qa4 $6 b5 $1 20. Qc2 (20. cxb5 Nxd4 $1 21. Nxd4 Bxe4
$15) 20... Nxd4 (20... Nb4 $5 21. Bxh7+ (21. Qb1 $2 Bxe4 22. Qxe4 Nxa2) 21...
Kh8 22. Qb1 Bxf3 23. gxf3 Nxa2 $15) 21. Bxh7+ Kh8 22. Nxd4 Qxd4 23. Bd3 bxc4
24. Qxc4 Rfd8 $11 {1/2-1/2 Sedina,E (2393)-Peptan,C (2439)/Dresden 2004 (43)})
16... Bd7 17. Rb1 (17. c4 Rc8 18. c5 Nb4 19. Bd6 Be7 20. Bxe7 Qxe7 21. Ne5 Nc6
22. Nc4 $14 {1/2-1/2 Smirnov,P (2426)-Kobalija,M (2593)/Samara 2000 (45)})
17... Na5 18. c4 Rc8 19. c5 Bc6 20. Bd6 Be7 (20... Re8 21. Ne5 Bxe5 22. dxe5
Qg5 23. Bf3 $16 {1-0 Cherniaev,A (2455)-Suba,M (2535)/Zaragoza 1997 (42)}) 21.
Bxe7 Qxe7 22. Qd2 Bxf3 23. Bxf3 Nc6 24. Rfd1 Rfd8 25. Qe3 $14) (15... Bd6 $6
16. Bxd6 Qxd6 17. Bd3 $14 g6 18. Re1 Bd7 19. Qd2 Rfe8 20. Qh6 Qf8 21. Qf4 $16 {
1-0 Sebag,M (2394)-Peptan,C (2471)/Istanbul 2003 (32)}) (15... b5 16. a4 (16.
c4 bxc4 17. Bxc4 Bb7 18. d5 exd5 19. Bxd5 Na5 $4 20. Bxb7 Nxb7 21. Rc7 Na5 22.
Qe1 {1-0 Renet,O (2490)-Bijaoui,M (2345)/Cannes 2005}) 16... b4 17. c4 Bf6 18.
d5 exd5 19. cxd5 Ne7 20. Qb3 a5 {1/2-1/2 Schandorff,L (2430)-Hansen,C (2580)/
Odense 1994} 21. Rfd1 $14) 16. c4 ({Another plan deserved attention:} 16. Bd3
Bb7 17. Qe2 $14 {[%cal Gf1d1]}) 16... Bd6 17. Bxd6 Qxd6 18. c5 {The idea of
the previous play. However, it turns out that in spite of the soon created far
advance white passed pawn on d6, Black defends easily thanks to the fact that
his king quickly becomes an important defensive piece in endgame.} bxc5 19.
dxc5 Qc7 20. Qd6 Qxd6 21. cxd6 Bd7 22. Rc5 f6 23. Rfc1 (23. Rb1 Rfb8 24. Rxb8+
Rxb8 25. Bxa6 Rb1+ 26. Bf1 Rd1 $11 27. a4 e5 28. a5 $140 $2 e4 29. Nh4 Nd4 $19)
23... Rfc8 24. Bd1 ({Black also does not have problems after} 24. Bc4 Kf7 25.
Kf1 Ne7 $5 26. Rc7 ({or} 26. Rxc8 Nxc8 27. Rd1 a5) 26... Rxc7 27. dxc7 Nd5 28.
Bxd5 exd5 {For instance:} 29. Nd4 Ke7 30. Nc6+ (30. Nb3 $2 Rc8 31. Na5 Bb5+ 32.
Ke1 Bc4 $17) 30... Bxc6 (30... Kd6 31. Nb8 $1) 31. Rxc6 Kd7 32. Rc5 Rc8 33.
Rxd5+ Kc6 $11) 24... Na7 25. Nd4 Rxc5 26. Rxc5 Rc8 27. Rxc8+ Nxc8 28. Nxe6 $5 (
28. Bb3 Kf7 (28... Nxd6 $11) 29. Nxe6 Bxe6 30. d7 Ke7 31. Bxe6 Nb6 $11) 28...
Nxd6 (28... Bxe6 29. Bb3 Nxd6 30. Bxe6+ Kf8 $11) 29. Bb3 Bc8 30. Kf1 Kf7 31.
Nc7+ Ke7 32. Ke2 Nb5 33. Nxb5 axb5 34. Kd3 Kd6 35. Kd4 Bb7 36. g3 h6 37. Bf7
Bc6 38. a3 Bd7 39. Bd5 Be8 40. Be4 1/2-1/2

[Event "Asia-ch"]
[Site "Kolkata"]
[Date "2001.08.17"]
[Round "11"]
[White "Izmukhambetov, Salauat"]
[Black "Nazarov, Anvar"]
[Result "1-0"]
[WhiteElo "2352"]
[BlackElo "2410"]
[Annotator "Rogozenco,D"]
[PlyCount "72"]
[EventDate "2001.08.09"]
[EventType "swiss"]
[EventRounds "11"]
[EventCountry "IND"]
[SourceTitle "CBM 085"]
[Source "ChessBase"]
[SourceDate "2001.11.13"]
[SourceVersion "1"]
[SourceVersionDate "2001.11.13"]
[SourceQuality "1"]

1. e4 c5 2. c3 Nf6 3. e5 Nd5 4. d4 cxd4 5. Nf3 Nc6 6. Bc4 Nb6 7. Bb3 d5 8. exd6
Qxd6 9. O-O Be6 10. Na3 Bxb3 (10... dxc3 {is main alternative, and quite a
safe one.} 11. Qe2 (11. Nb5 Qxd1 12. Rxd1 Rc8 13. Bxe6 fxe6 $10) 11... Bxb3 12.
Nb5 Qb8 13. axb3 e5 14. bxc3 Be7 15. Bg5 a6 16. Bxe7 Nxe7 17. Nxe5 O-O 18. Nd4
Ng6 19. Nxg6 hxg6 $10) 11. Qxb3 Qd5 12. Nb5 Rc8 13. Nfxd4 Nxd4 14. Nxd4 Qxb3 $6
{After this innacuracy Black's position is quite difficult.} (14... e6 15. Rd1
Qxb3 (15... Bc5 16. Qb5+ Ke7 17. Qe2 Rhd8 18. Be3 Qe5 19. Qg4 h5 20. Qh4+ f6
21. Nf3 Rxd1+ 22. Rxd1 Qf5 23. Bxc5+ Rxc5 24. Qg3 Kf7 25. Qb8 $16 {1-0
Benjamin,J-Browne,W/Chandler 1997 (58)}) 16. axb3 a6 17. b4 {even now this
plan of advancing b-pawn can be very unpleasant:} Be7 (17... Nd5 $5 18. b5 axb5
19. Nxb5 Bc5 20. c4 Nf6 21. Be3 Ke7 22. Bxc5+ Rxc5 23. Ra7 Rb8 24. b3 Rc6 25.
Nd4 Rc7 26. h3 Rd7 27. Rd2 Rc8 28. Nf3 Rxd2 29. Nxd2 Rc7 30. Kf1 Rd7 {1/2-1/2
Scarani,A-Pitselis,G/ICCF email 1998 (30)}) 18. b5 axb5 19. Ra7 (19. Nxb5 O-O
20. Bf4 Nd5 21. Bd6 Bxd6 22. Nxd6 Rc6 23. Nb5 Rc5 24. Nd6 Rc6 {1/2-1/2 Renet,
O-Smirin,I/Moscow 1994 (24)}) 19... b4 20. Rxb7 Nd5 21. Nf5 $1 Bf8 22. c4 Rxc4
23. Ne3 Nxe3 (23... Rc5 24. Bd2 $16) 24. Rb8+ Ke7 25. Bxe3 f5 26. b3 Rc7 27.
Rxb4 $16 {1-0 Zarnicki,P-Van Wely,L/Buenos Aires 1995 (44)}) 15. axb3 a6 16. b4
Nd5 17. Re1 (17. b5 $14 {/+/-. There was no point to delay this advance.})
17... g6 $2 (17... e6 18. b5 axb5 19. Nxb5 Bc5 {and Black is very close to
equality.}) 18. b5 $16 Nc7 (18... axb5 $142 19. Nxb5 e6 20. Ra7 Kd7 $1 {
[%cal Gd7c6]}) 19. bxa6 Nxa6 20. Bg5 Rc7 (20... e6 21. Bf6 $16) 21. Bf4 Rd7 22.
Nb5 e6 (22... Bg7 23. Nd6+ Kf8 24. Nxb7 Rxb7 25. Rxa6 $18) 23. Red1 f6 24. Rxd7
Kxd7 25. Rd1+ Ke8 $2 {Last mistake. Now White should be technically winning -
bad knight on a6 and weak pawn b7, which will soon be lost.} (25... Kc6 26.
Na7+ (26. Nd4+ Kd7 {[%cal Ge6e5]}) 26... Kb6 27. Nc8+ Kc6 28. Rd8 $1 $36) 26.
Nd6+ Bxd6 27. Rxd6 e5 28. Bh6 Ke7 29. Rb6 Nc5 30. g3 (30. b4) 30... Nd7 31.
Rxb7 g5 32. f4 gxf4 (32... Rg8 33. Kf2 Rg6 34. fxg5 fxg5 35. Bf8+) 33. gxf4
Rg8+ 34. Kf2 Rg6 35. Bf8+ Ke8 36. Bd6 Rh6 {White has a huge advantage, but to
resign is a bit prematurely.} (36... Rh6 37. Kg3 Rg6+ 38. Kf3 Rh6 39. Ke4 $5
Rxh2 40. fxe5 {with idea Kd5 or c4 must be not difficult to win.}) 1-0

[Event "EU-Cup 21st"]
[Site "Saint Vincent"]
[Date "2005.09.19"]
[Round "2.3"]
[White "Zhigalko, Sergei"]
[Black "Moiseenko, Alexander"]
[Result "1/2-1/2"]
[WhiteElo "2485"]
[BlackElo "2664"]
[Annotator "Rogozenco,D"]
[PlyCount "98"]
[EventDate "2005.09.18"]
[EventType "team-swiss"]
[EventRounds "7"]
[EventCountry "ITA"]
[SourceTitle "CBM 110"]
[Source "ChessBase"]
[SourceDate "2006.01.31"]
[SourceVersion "1"]
[SourceVersionDate "2006.01.31"]
[SourceQuality "1"]
[WhiteTeam "Minsk Vesnianka"]
[BlackTeam "Ashdod"]
[WhiteTeamCountry "UKR"]
[BlackTeamCountry "ISR"]

1. e4 c5 2. Nf3 Nc6 3. c3 d5 4. exd5 Qxd5 5. d4 Nf6 6. Be2 cxd4 7. cxd4 e6 8.
Nc3 Qd6 9. O-O Be7 10. Nb5 {The start of a forced operation, designed to
prevent Black's most optimal development of pieces (...0-0, ...b6, ...Bb7).} ({
Another possibility with the same idea is} 10. Bg5 O-O 11. Rc1 {but Black
equalizes with} Nd5 $11 (11... b6 $2 12. Bxf6 Bxf6 13. Ne4 $16)) (10. Be3 O-O
$11) 10... Qd8 (10... Qb8 $6 11. g3 $1 {[%cal Gc1f4]}) 11. Bf4 Nd5 (11... O-O
12. Bc7 Qd7 13. Ne5 Nxe5 14. dxe5 Nd5 15. Bd6 $14) 12. Bg3 O-O ({More precise
is considered} 12... a6 13. Nc3 O-O $11) 13. Bc4 $1 a6 14. Bxd5 axb5 (14...
exd5 {doesn't secure full equality:} 15. Nc7 Rb8 (15... Ra7 16. Qb3 $14) 16.
Ne5 $1 $14) 15. Be4 Nb4 16. Qb3 (16. Qe2 $142 $14) (16. a3 $2 f5 17. axb4 (17.
Bb1 f4 $19) 17... Rxa1 18. Qxa1 fxe4 19. Ne1 Qxd4 20. Nc2 Qd2 21. Ne3 Qxb4 22.
Rd1 Qb3 23. Qb1 Bg5 24. Nc2 e5 25. Re1 {1-0 Maksimenko,A (2525)-Zichichi,A 
(2295)/Cattolica 1994} Bd2 26. Rd1 (26. Re2 Qd3 27. Qd1 Bg4 $19) 26... Bf4 $17)
16... f5 17. Bb1 Nd5 (17... f4 $2 18. Bh4 Bxh4 19. Qxb4 $16) 18. Be5 $14 Bd7
19. Bd3 b4 (19... Qb6 20. h3 Ra4 21. Rfe1 Rfa8 22. a3 b4 23. Bc4 Bf8 24. Bg3
R4a5 25. Rac1 (25. Rab1 $1 $14) 25... Ba4 26. Qd3 bxa3 27. bxa3 Bb5 $11 {
1/2-1/2 Markus,R-Kordts,W/DESC email 1998 (43)}) 20. Bc4 Bc6 21. Qd3 $146 (21.
Ne1 Qe8 22. Qg3 g5 23. f4 g4 24. h3 h5 25. hxg4 (25. Nf3 $5) 25... hxg4 26. Kf2
$13 {0-1 Buchicchio,G (2259)-Arakhamia Grant,K (2413)/Saint Vincent 2003 (52)})
21... Qd7 22. Rfe1 Rac8 23. h3 {The position is of such character, that with
either side it is difficult to find a plan to improve.} Rfe8 24. Rac1 Nb6 25.
Bb3 Bd5 26. Bg3 {White would like to have the knight on e5 instead of the
bishop, but the problem is that after playing Nf3-e5 the dark-squared bishop
will remain very poorly placed on g3, so soon White will change his mind and
return with the bishop to e5.} Rxc1 27. Rxc1 Rc8 28. Rxc8+ Qxc8 29. Kh2 Bxb3
30. axb3 (30. Qxb3 Qc4 $5 $132) 30... Nd5 31. Be5 h6 $11 32. Qc4 Qd7 33. Ne1
Nb6 34. Qc2 Qc6 35. Qe2 (35. Qxc6 bxc6 36. Nd3 Nd5 $11) 35... Nd7 (35... Qc1 $6
36. Qh5 $132 {[%cal Gh5g6]}) 36. Nd3 Kh7 37. Bg3 Bd6 38. Qd2 Qb6 39. Ne5 Nf6
40. f3 Qc7 41. Kh1 Nd5 42. Bh2 b5 43. Bg3 Qa7 44. Kh2 Qa1 45. h4 Qb1 46. Qe2
Qc1 47. Nd3 Bxg3+ 48. Kxg3 Qc7+ 49. Qe5 Qf7 1/2-1/2

[Event "EU-Cup 18th"]
[Site "Kallithea"]
[Date "2002.09.26"]
[Round "5.2"]
[White "Boe Olsen, Mads"]
[Black "Horvath, Adam"]
[Result "1/2-1/2"]
[WhiteElo "2390"]
[BlackElo "2476"]
[Annotator "Rogozenco,D"]
[PlyCount "120"]
[EventDate "2002.09.22"]
[EventType "team-swiss"]
[EventRounds "7"]
[EventCountry "GRE"]
[SourceTitle "CBM 092"]
[Source "ChessBase"]
[SourceDate "2003.02.06"]
[SourceVersion "1"]
[SourceVersionDate "2003.02.06"]
[SourceQuality "1"]
[WhiteTeam "Aarhus"]
[BlackTeam "Zalaegerszeg"]
[WhiteTeamCountry "DEN"]
[BlackTeamCountry "HUN"]

1. e4 c5 2. c3 Nf6 3. e5 Nd5 4. d4 cxd4 5. Qxd4 e6 6. Nf3 Nc6 7. Qe4 f5 8. Qe2
Qc7 9. g3 b5 $1 10. Bg2 a5 11. O-O Ba6 12. Rd1 Be7 (12... Bc5 {is more active,
with good results in the practice for Black. The game move is certainly
playable as well.}) 13. Nd4 Nxd4 14. Rxd4 O-O 15. Nd2 (15. Rxd5 $6 exd5 16.
Bxd5+ Kh8 17. Bxa8 Rxa8 {[%cal Ra8h1] With a typical compensation thanks to
the soon control over long diagonal.}) 15... Rac8 {Black has a strong knight
on d5, which is not easy to drive away. Taking it with the bishop will leave
weak light squares, so sooner or later White will sacrifice an exchange on d5,
getting some compensation.} (15... b4 16. c4 Rac8 {Black's position is
preferable here too. For instance the exchange sac doesn't have the desired
effect:} 17. Rxd5 (17. b3 Nc3 {and the knight is also very strong on c3.})
17... exd5 18. Bxd5+ Kh8 19. b3 Bb7 {and Black will be able to open files for
his rooks soon.}) 16. Nf3 Qb6 17. Bg5 b4 18. Qd2 (18. c4 $2 Bxg5 19. Nxg5 Qxd4)
18... bxc3 19. bxc3 Bc5 20. Rxd5 exd5 21. Qxd5+ Kh8 22. Nd4 Qb2 (22... Rc7 {
[%csl Gd7][%cal Ga6b7] keeping pawn d7 is quite essential, so that White won't
have the passed e-pawn. The game continuation lead to an interesting endgame.})
23. Rd1 Qxc3 24. Qxd7 Bxd4 25. Qxd4 Qxd4 26. Rxd4 h6 27. Bd2 Rfd8 28. Rd6 $8
Rxd6 29. exd6 Rc2 30. Be3 Bb5 31. Bd5 {Black's problem besides having to watch
out the d-pawn all the time, is that he cannot centralize his king. White's
bishops are very powerful, while the rook cannot find a good square.} Bd7 32.
Kg2 Bc6 (32... Kh7 33. Kf3 Bc6 (33... Kg6) 34. Kf4 $1) 33. Kh3 $1 {Avoiding
the trade of the bishops.} Kh7 (33... Bxd5 $2 34. d7 $18) (33... f4 $5 {
with the idea to open the diagonal c8-h3.} 34. Bxc6 (34. Bxf4 $4 Bxd5 35. d7)
34... fxe3 35. d7 Rd2 36. fxe3 Kg8 37. g4 Kf7 $15) 34. Be6 Kg6 35. d7 Bxd7 36.
Bxd7 Rxa2 37. Kh4 a4 38. Be8+ Kh7 39. Kh5 a3 40. Bc5 (40. Bg6+ Kh8 41. Bxf5 Rb2
42. Bd4 Rb4 $11) 40... Ra1 41. Bg6+ Kh8 42. Bxf5 a2 43. Bd4 Rd1 44. Bc3 Rc1 45.
Bb2 Rf1 46. f4 Rh1 47. h4 Rb1 48. Bd4 Rd1 49. Bc3 Rc1 50. Bd4 Rg1 51. g4 Rd1
52. Bc3 Rc1 53. Bd4 Rc4 54. Be5 Rc5 (54... Rxf4 $4 55. Kg6 $1 $18) 55. Bd4 Kg8
56. Kg6 Rc6+ 57. Kh5 Rc5 58. Kg6 Rc6+ 59. Kh5 Rc5 60. Kg6 Rc6+ 1/2-1/2